00245nam a2200109Ia 4500003000400000005001700004008004100021020001900062040001000081100002000091245002400111OSt20240315151052.0170523s9999 xx 000 0 und d a978-0070153233 cIIMTU aAndrews- Sudhir 0aSales and Marketing